Economics and equality : papers presented to Section F (Economics) at the 1975 Annual Meeting of the British Association for the Advancement of Science
Saved in:
| Corporate Author: | |
|---|---|
| Other Authors: | |
| Format: | Book |
| Language: | English |
| Published: |
Oxford :
Philip Allan Publishers Ltd,
1976
|
| Subjects: | |
| Tags: |
Add Tag
No Tags, Be the first to tag this record!
|
MARC
| LEADER | 00000cam a2200000 i 4500 | ||
|---|---|---|---|
| 001 | 1/24689 | ||
| 008 | 960503s1976 eng d | ||
| 020 | |a 086003111X (pbk) | ||
| 035 | |l 10022344 | ||
| 040 | |a GR-MY-UA |b gre |e aacr | ||
| 041 | 0 | |a eng | |
| 082 | 0 | |a 339.41 | |
| 110 | 1 | |a British Association for the Advancement of Science |b Section F (Economics) | |
| 245 | 1 | 0 | |a Economics and equality : |b papers presented to Section F (Economics) at the 1975 Annual Meeting of the British Association for the Advancement of Science / |c edited by Aubrey Jones |
| 260 | |a Oxford : |b Philip Allan Publishers Ltd, |c 1976 | ||
| 300 | |a xii, 164 p.; |b ill.; |c 23 cm | ||
| 504 | |a Includes bibliographical references and index | ||
| 650 | 0 | 0 | |a Economics |x Congresses. |
| 650 | 0 | 0 | |a Social justice |x Congresses. |
| 700 | 1 | |a Jones, Aubrey |d 1911- | |
| 852 | |a INST |b CHIOS |e 19960503 |h 339.41 BRI |p 005200005119 |q 005200005119 |t BK |y 0 | ||
| 909 | |a Χ |b 008583 | ||